000 00719nam a2200241Ia 4500
003 OSt
005 20220923222746.0
006 a|||||r|||| 00| 0
007 ta
008 220922b |||||||| |||| 00| 0 hin d
024 _a207,489
037 _cTextual
040 _aARTS
_cARTS
_bhin
041 _2hin
_ahin
082 _aO152,3N31x, N2
100 _aमटियानी, शैलेश
_9156369
245 0 _aसूखा सागर
246 _aSūkhā sāgara
260 _aइलाहाबाद
_b शारदा प्रका0
_c1992
300 _a254पृ.
_ccm.
942 _hO152,3N31x, N2
_cTEXL
_2CC
999 _c358106
_d358106